North... or South of New York City? - Statistics

General Stats
  • This quiz has been taken 54 times
    49 since last reset
  • The average score is 7 of 15
Answer Stats
Question Answer % Correct
Istanbul, TU North of New York City
100%
Tokyo, JP South of New York City
100%
Chicago, IL North of New York City
75%
Tashkent, UZ North of New York City
75%
Denver, CO South of New York City
75%
Baku, AZ South of New York City
50%
Beijing, CH South of New York City
50%
Pittsburgh, PA South of New York City
50%
Osh, KG South of New York City
50%
Rome, IT North of New York City
25%
Salt Lake City, UT North of New York City
25%
Tirana, AL North of New York City
25%
Madrid, SP South of New York City
25%
Tbilisi, GE North of New York City
0%
Lisbon, PT South of New York City
0%
No matching quizzes found
Score Distribution
Percent of People with Each Score
Percentile by Number Answered
Your Score History
You have not taken this quiz since the last reset